Adapter un livre pour le cinéma et la télévision : De l'oeuvre originale au scénario : roman, théâtre, biographie, bande dessinée (notice n° 2186464)
[ vue normale ]
| 000 -LEADER | |
|---|---|
| fixed length control field | 01337cam a2200133 4500500 |
| 005 - DATE AND TIME OF LATEST TRANSACTION | |
| control field | 20260405064233.0 |
| 041 ## - LANGUAGE CODE | |
| Language code of text/sound track or separate title | fre |
| 042 ## - AUTHENTICATION CODE | |
| Authentication code | dc |
| 100 10 - MAIN ENTRY--PERSONAL NAME | |
| Personal name | Cotte, Olivier |
| Relator term | author |
| 245 00 - TITLE STATEMENT | |
| Title | Adapter un livre pour le cinéma et la télévision : De l'oeuvre originale au scénario : roman, théâtre, biographie, bande dessinée |
| 260 ## - PUBLICATION, DISTRIBUTION, ETC. | |
| Name of publisher, distributor, etc. | Armand Colin,<br/> |
| Date of publication, distribution, etc. | 2020.<br/> |
| 520 ## - SUMMARY, ETC. | |
| Summary, etc. | Les scénarios d’un grand nombre de films et de séries TV sont inspirés d’œuvres écrites, romans, nouvelles, pièces de théâtre, biographies ou encore bandes dessinées. Réussir ces transpositions à l’écran requiert des qualités et des méthodes spécifiques. Faut-il être aussi fidèle que possible au texte d’origine ? Quels sont les impératifs à respecter ? Peut-on conserver l’ensemble des personnages ? Doit-on retrouver le contexte, le monde et l’époque du récit sur le grand ou le petit écran ? Rédigé par un spécialiste du sujet et illustré par des exemples variés de films et de séries TV, ce guide pratique vous apprend à adapter une œuvre littéraire pour l’écran en analysant son contenu, son style et son ton, et en opérant des choix judicieux. |
| 856 41 - ELECTRONIC LOCATION AND ACCESS | |
| Uniform Resource Identifier | <a href="https://shs.cairn.info/adapter-un-livre-pour-le-cinema-et-la-television--9782200627256?lang=fr&redirect-ssocas=7080">https://shs.cairn.info/adapter-un-livre-pour-le-cinema-et-la-television--9782200627256?lang=fr&redirect-ssocas=7080</a> |
Pas d'exemplaire disponible.




Réseaux sociaux